The journey of William of Rubruck to the eastern parts of the world, 1253-55 : (Record no. 235058)

000 -LEADER
fixed length control field 01720cam a2200397 a 4500
001 - CONTROL NUMBER
control field 193747
003 - CONTROL NUMBER IDENTIFIER
control field Nust
005 - DATE AND TIME OF LATEST TRANSACTION
control field 20170405145835.0
008 - FIXED-LENGTH DATA ELEMENTS--GENERAL INFORMATION
fixed length control field 980820r19981900ii b 001 0 eng
010 ## - LIBRARY OF CONGRESS CONTROL NUMBER
LC control number 98906406
020 ## - INTERNATIONAL STANDARD BOOK NUMBER
International Standard Book Number 8120613384
025 ## - OVERSEAS ACQUISITION NUMBER
Overseas acquisition number I-E-98-906406; 55-06
037 ## - SOURCE OF ACQUISITION
Source of stock number/acquisition Library of Congress -- New Delhi Field Office
Terms of availability Rs695.00
040 ## - CATALOGING SOURCE
Original cataloging agency DLC
Transcribing agency DLC
Modifying agency DLC
041 1# - LANGUAGE CODE
Language code of text/sound track or separate title eng
Language code of original lat
042 ## - AUTHENTICATION CODE
Authentication code lcode
043 ## - GEOGRAPHIC AREA CODE
Geographic area code a------
050 00 - LIBRARY OF CONGRESS CALL NUMBER
Classification number DS6
Item number .R78413 1998
082 00 - DEWEY DECIMAL CLASSIFICATION NUMBER
Classification number 915.04/2
Edition number 21
Author Mark RUY
100 1# - MAIN ENTRY--PERSONAL NAME
Personal name Ruysbroeck, Willem van,
Dates associated with a name approximately 1210-approximately 1270.
240 10 - UNIFORM TITLE
Uniform title Itinerarium.
Language of a work English
245 14 - TITLE STATEMENT
Title The journey of William of Rubruck to the eastern parts of the world, 1253-55 :
Remainder of title as narrated by himself with two accounts of the earlier journey of John of Pian de Carpine /
Statement of responsibility, etc. translated from the Latin and edited with an introduction notice by William Woodville Rockhill.
260 ## - PUBLICATION, DISTRIBUTION, ETC.
Place of publication, distribution, etc. New Delhi :
Name of publisher, distributor, etc. Asian Educational Services,
Date of publication, distribution, etc. 1998.
300 ## - PHYSICAL DESCRIPTION
Extent lvi, 304 p. ;
Dimensions 22 cm.
500 ## - GENERAL NOTE
General note Reprint. Originally published: London : Hakluyt Society, 1900.
504 ## - BIBLIOGRAPHY, ETC. NOTE
Bibliography, etc. note Includes bibliographical references and index.
600 10 - SUBJECT ADDED ENTRY--PERSONAL NAME
Personal name Ruysbroeck, Willem van,
Dates associated with a name approximately 1210-approximately 1270
General subdivision Travel
Geographic subdivision Asia.
650 #0 - SUBJECT ADDED ENTRY--TOPICAL TERM
Topical term or geographic name entry element Mongols
General subdivision History
Chronological subdivision To 1500.
651 #0 - SUBJECT ADDED ENTRY--GEOGRAPHIC NAME
Geographic name Asia
General subdivision Description and travel
Form subdivision Early works to 1800.
700 0# - ADDED ENTRY--PERSONAL NAME
Personal name Giovanni,
Titles and other words associated with a name da Pian del Carpine, Archbishop of Antivari,
Dates associated with a name -1252.
700 1# - ADDED ENTRY--PERSONAL NAME
Personal name Rockhill, William Woodville,
Dates associated with a name 1854-1914.
906 ## - LOCAL DATA ELEMENT F, LDF (RLIN)
a 7
b cbc
c origode
d 3
e ncip
f 19
g y-gencatlg
942 ## - ADDED ENTRY ELEMENTS (KOHA)
Source of classification or shelving scheme
Koha item type Book
Holdings
Withdrawn status Lost status Source of classification or shelving scheme Damaged status Not for loan Permanent Location Current Location Date acquired Total Checkouts Full call number Barcode Date last seen Price effective from Koha item type
          School of Civil and Environmental Engineering (SCEE) School of Civil and Environmental Engineering (SCEE) 04/05/2017   915.04/2 RUY NIT-9035 04/05/2017 04/05/2017 Book
© 2023 Central Library, National University of Sciences and Technology. All Rights Reserved.